<?xml version="1.0" encoding="UTF-8"?>
<record
    xmlns:xsi="http://www.w3.org/2001/XMLSchema-instance"
    xsi:schemaLocation="http://www.loc.gov/MARC21/slim http://www.loc.gov/standards/marcxml/schema/MARC21slim.xsd"
    xmlns="http://www.loc.gov/MARC21/slim">

  <leader>01968nab a2200241 ab4500</leader>
  <controlfield tag="005">20260519142920.0</controlfield>
  <controlfield tag="008">260519c2025    mx|fr|p|o|||| 00| 0 spa d</controlfield>
  <datafield tag="040" ind1=" " ind2=" ">
    <subfield code="a">MX-MxUPN</subfield>
    <subfield code="b">spa</subfield>
    <subfield code="c">MX-MxUPN</subfield>
    <subfield code="e">aacr2</subfield>
  </datafield>
  <datafield tag="100" ind1="1" ind2=" ">
    <subfield code="a">Gurrola Torres, H&#xE9;ctor Salvador </subfield>
    <subfield code="9">59579</subfield>
  </datafield>
  <datafield tag="100" ind1="1" ind2=" ">
    <subfield code="a">Barraza Barraza, Diana </subfield>
    <subfield code="9">59570</subfield>
  </datafield>
  <datafield tag="245" ind1="1" ind2=" ">
    <subfield code="a">Validaci&#xF3;n de un instrumento para medir la percepci&#xF3;n parental dela convivencia escolar en primarias</subfield>
    <subfield code="h">[recurso electr&#xF3;nico en l&#xED;nea]</subfield>
  </datafield>
  <datafield tag="506" ind1="0" ind2=" ">
    <subfield code="a">Acceso abierto</subfield>
  </datafield>
  <datafield tag="520" ind1="3" ind2=" ">
    <subfield code="a">En este art&#xED;culo se describe el proceso para obtener evidencias de validez de contenido, a trav&#xE9;s de un jueceo de expertos, de un instrumento para medir la percepci&#xF3;n de la convivencia escolar desde la perspectiva de los padres y madres de hijos en escuelas primarias de Durango, M&#xE9;xico, basado en la gu&#xED;a de autodiagn&#xF3;stico para la convivencia escolar de Fierro et al. (2020). El instrumento consta de 49 &#xED;tems organizados en cuatro ejes tem&#xE1;ticos. El proceso consisti&#xF3; en tres fases: una, la evaluaci&#xF3;n del instrumento por cuatro jueces expertos mediante una r&#xFA;brica; dos, an&#xE1;lisis de la calidad de los &#xED;tems para garantizar su validez, con el &#xED;ndice V de Aiken; tres, modificaci&#xF3;n o eliminaci&#xF3;n de &#xED;tems para aumentar la precisi&#xF3;n del instrumento. Se concluye con un instrumento con 46 &#xED;tems eficaz para medir habilidades bajas y medias en la convivencia escolar. Sin embargo, se sugiere realizar ajustes adicionales en los niveles m&#xE1;s altos y bajos del espectro de habilidad para optimizar su precisi&#xF3;n y alcance.</subfield>
  </datafield>
  <datafield tag="650" ind1=" " ind2="4">
    <subfield code="a">Convivencia escolar</subfield>
    <subfield code="9">22407</subfield>
  </datafield>
  <datafield tag="650" ind1=" " ind2="4">
    <subfield code="a">Educaci&#xF3;n primaria</subfield>
    <subfield code="9">1552</subfield>
  </datafield>
  <datafield tag="653" ind1=" " ind2=" ">
    <subfield code="a">Instrumento de medici&#xF3;n cuantitativa</subfield>
  </datafield>
  <datafield tag="653" ind1=" " ind2=" ">
    <subfield code="a">Jueceo</subfield>
  </datafield>
  <datafield tag="653" ind1=" " ind2=" ">
    <subfield code="a">Validez de contenido</subfield>
  </datafield>
  <datafield tag="773" ind1=" " ind2=" ">
    <subfield code="g">Vol. 16, no. 25 (2025), p. 21-31</subfield>
    <subfield code="t">Investigaci&#xF3;n educativa duranguense</subfield>
    <subfield code="x">2007-039X</subfield>
  </datafield>
  <datafield tag="856" ind1="4" ind2=" ">
    <subfield code="u">https://editorialupd.mx/revistas/index.php/ined/article/view/238</subfield>
  </datafield>
  <datafield tag="902" ind1=" " ind2=" ">
    <subfield code="a">Gloria Jim&#xE9;nez/190526</subfield>
  </datafield>
  <datafield tag="942" ind1=" " ind2=" ">
    <subfield code="c">ART-E</subfield>
  </datafield>
  <datafield tag="952" ind1=" " ind2=" ">
    <subfield code="0">0</subfield>
    <subfield code="1">0</subfield>
    <subfield code="4">0</subfield>
    <subfield code="7">0</subfield>
    <subfield code="8">CAA</subfield>
    <subfield code="a">BCUPN50</subfield>
    <subfield code="b">BCUPN50</subfield>
    <subfield code="c">ENL</subfield>
    <subfield code="d">2026-05-19</subfield>
    <subfield code="l">0</subfield>
    <subfield code="r">2026-05-19 12:41:21</subfield>
    <subfield code="u">https://editorialupd.mx/revistas/index.php/ined/article/view/238</subfield>
    <subfield code="w">2026-05-19</subfield>
    <subfield code="y">ART-E</subfield>
  </datafield>
  <datafield tag="999" ind1=" " ind2=" ">
    <subfield code="c">215133</subfield>
    <subfield code="d">215133</subfield>
  </datafield>
</record>
